Statistiken für Größte Mittelmeerstädte

Klicken Sie hier um das Quiz zu spielen!

Allgemein

  • Dieses Quiz wurde 1,394 mal gespielt
  • Das Durchschnittsergebnis liegt bei 10 aus 16

Antwortstatistiken

Bevölkerung Kontinent Stadt % Korrekt
4,70 Mio.EuropaBarcelona
94%
3,38 Mio.EuropaAthen
90%
3,60 Mio.EuropaRom
89%
2,58 Mio.AfrikaTunis
88%
5,85 Mio.AfrikaAlexandria
77%
3,83 Mio.AfrikaAlgier
77%
4,23 Mio.EuropaNeapel
76%
1,66 Mio.EuropaMarseille
73%
2,63 Mio.AsienTel Aviv
67%
1,18 Mio.AfrikaTripolis
60%
1,75 Mio.AsienBeirut
55%
1,76 Mio.EuropaValencia
53%
3,00 Mio.AsienIzmir
42%
1,24 Mio.AsienAntalya
39%
1,42 Mio.AfrikaOran
15%
1,91 Mio.AsienGaza
12%

Verteilung der Resultate

Perzentil nach korrekt beantworteten Fragen

Anzahl Personen mit jedem Resultat

Ihre Resultats-Entwicklung

Sie haben dieses Quiz noch nicht gespielt